000 00388nam a22001697a 4500
005 20160614112516.0
008 160614b xxu||||| |||| 00| 0 eng d
020 _a81-7929-102-2
041 _aeng
082 _b7363
100 _aLomes, Brian
_91865
245 _aMaking Effective Presentations
260 _bInfuty books
300 _a116
650 _aManagement
_9241
942 _cBK
999 _c2618
_d2617